La Casa del Patrón : (Record no. 23440)
[ view plain ]
| 000 -CABECERA | |
|---|---|
| fixed length control field | 01590nam a22003257a 4500 |
| 003 - IDENTIFICADOR DEL NÚMERO DE CONTROL | |
| control field | AR-CdUCM |
| 008 - DATOS DE LONGITUD FIJA--INFORMACIÓN GENERAL | |
| fixed length control field | 260112b2022 pe ||||| |||| 00| 0 spa d |
| 020 ## - NÚMERO INTERNACIONAL ESTÁNDAR DEL LIBRO | |
| ISBN | 978-612-48420-1-6 |
| 040 ## - FUENTE DE LA CATALOGACIÓN | |
| Agencia/entidad que catalogó originalmente la obra | MUNICIPALIDAD PROVINCIAL DEL CUSCO |
| Entidad que transcribió la catalogación | BIBLIOTECA MUNICIPAL DEL CUSCO |
| 082 ## - NÚMERO DE LA CLASIFICACIÓN DECIMAL DEWEY | |
| No. de la edición | 2da. edición |
| No. de Clasificación | 985.061 / |
| Notacion interna | C23 |
| 100 ## - ENTRADA PRINCIPAL--NOMBRE DE PERSONA | |
| Nombre Personal | Calero Flores, Jorge A. |
| 110 ## - ENTRADA PRINCIPAL--NOMBRE DE ENTIDAD CORPORATIVA | |
| Nombre de la institución, jurisdicción como entrada principal | Municipalidad Distrital de San Sebastián |
| 9 (RLIN) | 5545 |
| 245 ## - MENCIÓN DE TÍTULO | |
| Título | La Casa del Patrón : |
| Resto del título | Documentos para la historia de la Iglesia de San Sebastián / |
| 260 ## - PUBLICACIÓN, DISTRIBUCIÓN, ETC. | |
| Lugar de publicación, distribución, etc. | San Sebastián - Cusco |
| Nombre de la editorial, distribuidor, etc. | Municipalidad Distrital de San Sebastián. |
| Fecha de publicación, distribución, etc. | 2022 |
| 300 ## - DESCRIPCIÓN FÍSICA | |
| Nº de Páginas Extensión | 263 páginas. : |
| Dimensiones | 17 x 23cm. |
| 500 ## - NOTA GENERAL | |
| Bibliografía | Páginas 262 - 263 |
| 505 ## - NOTA DE CONTENIDO CON FORMATO | |
| Nota de contenido formateada | Capítulo I: Tiempos prehispánicos -- II: La Batalla de las Salinas y la Capilla de los Mártires -- III: La creación de la Parroquia de San Sebastián -- IV: El Virrey Francisco Álvarez de Toledo -- V: Patrón jurado de la ciudad de Cuzco -- VI: Los caciques -- VII: Testamento del sacerdote Lázaro de Balencia -- VIII: Marcos de madera y pintura de don Diego Quispe Tito -- IX: Robos sacrílegos a la iglesia del Patrón.... |
| 650 ## - PUNTO DE ACCESO ADICIONAL DE MATERIA--TÉRMINO DE MATERIA | |
| Descriptor | Movimientos de tropas |
| 9 (RLIN) | 51972 |
| 650 ## - PUNTO DE ACCESO ADICIONAL DE MATERIA--TÉRMINO DE MATERIA | |
| Descriptor | Desplazamientos de ejércitos |
| 9 (RLIN) | 51973 |
| 650 ## - PUNTO DE ACCESO ADICIONAL DE MATERIA--TÉRMINO DE MATERIA | |
| Descriptor | Visita de 1572 |
| 9 (RLIN) | 51974 |
| 650 ## - PUNTO DE ACCESO ADICIONAL DE MATERIA--TÉRMINO DE MATERIA | |
| Descriptor | Ordenanza de 1578 |
| 9 (RLIN) | 51975 |
| 650 ## - PUNTO DE ACCESO ADICIONAL DE MATERIA--TÉRMINO DE MATERIA | |
| Descriptor | La Provisión |
| 9 (RLIN) | 51976 |
| 650 ## - PUNTO DE ACCESO ADICIONAL DE MATERIA--TÉRMINO DE MATERIA | |
| Descriptor | Fondo Documental |
| 9 (RLIN) | 51967 |
| 650 ## - PUNTO DE ACCESO ADICIONAL DE MATERIA--TÉRMINO DE MATERIA | |
| Descriptor | Carta anónima |
| 9 (RLIN) | 51977 |
| 650 ## - PUNTO DE ACCESO ADICIONAL DE MATERIA--TÉRMINO DE MATERIA | |
| Descriptor | Retablo mayor del templo |
| 9 (RLIN) | 51978 |
| 856 ## - LOCALIZACIÓN Y ACCESO ELECTRÓNICOS | |
| Dirección electrónica | www.munisansebastian.gob.pe/ |
| 942 ## - ELEMENTOS DE PUNTO DE ACCESO ADICIONAL (KOHA) | |
| Fuente de clasificación | |
| Tipo de item | Libros-BMC |
| 945 ## - PROCESAMIENTO DE INFORMACIÓN LOCAL (OCLC) | |
| Catalogador | jmcs |
| AAAA-MM-DD - Fecha de ingreso o modificacion | 31/12/2025 |
No items available.